000 01013cam a22002411i 4500
003 SA-RiAUC
005 20260125124639.0
008 260109q19001999||| g 000 0 ara c
040 _aEG-CaDAJ
_bara
_cSA-RiAUC
_erda
082 0 4 _a213
090 _aم ن 213
_b و ر د
100 1 _aالورديغي، عبد القادر بن عبد الكريم،
_dتوفي 1313 هجري
_eمؤلف.
245 1 0 _aشمس الهداية لتذكار أهل النهاية وإرشاد أهل البداية /
_cعبد القادر الشفشاوني.
264 1 _a[مكان النشر غير محدد] :
_b[الناشر غير محدد]،
_c[بين 1900 و1999]
300 _a160 صفحة؛
_c29 سم .
336 _aنص
_btxt
_2rdacontent
_3كتاب
337 _aبدون وسيط
_bn
_2rdamedia
338 _aمجلد
_bnc
_2rdacarrier
650 7 _aالوعظ والإرشاد
_2aucsh
650 7 _aالدعوة الإسلامية
_2aucsh
942 _2ddc
_cRBOOK COPY
_n0
949 _aSA-JeALM
_d260109
_umohamedma123
_n1
999 _c14160
_d14160